000 00588cab a2200217 4500
001 X305
008 090401t1992 xxu||||| |||| 00| 0 eng d
035 _a(Sirsi) u64994
041 _aeng
245 _aDavis v Secretary of State for the Environment and Southwark LBC
260 _c1992
350 _a0
490 _aJournal of Planning and Environment Law
_v(1992) JPL 1162-1168
650 _aCONSERVATION AREAS
650 _aDEMOLITION
650 _aLISTED BUILDINGS
650 _aPLANNING PERMISSION
690 _aCONSERVATION-CASE LAW
942 _n0
948 _c04/03/1997
999 _c40504
_d40504